000
00229 a2200097 4500
001
30463
100
_a
Flesch
245
_a
Look it up : American Spelling
260
_a
London
_b
Routledge and kegan Paul
_c
090
_c
20406
_d
20406
942
_a
NUST-CAE
_c
M
_c
11566
999
_c
265536
_d
265536